00379nam a22001337a 4500003000400000008004100004020001800045082001600063100006100079245005000140250001100190260003500201300000900236OSt260225b |||||||| |||| 00| 0 eng d a9788175053915 a294.555 VIC aAdvaita Ashrama (Publication Hourse of Ramakrishna Math) aThe Complete works of Swami Vivekananda Vol.9 a3rd Ed aKolkatabAdvaita Ashramac2023 a681p